Normal view
MARC view
Entry Chronological Term
001 - CONTROL NUMBER
- control field: 14293
003 - CONTROL NUMBER IDENTIFIER
- control field: TZ-ArACH
005 - DATE AND TIME OF LATEST TRANSACTION
- control field: 20140530115901.0
008 - FIXED-LENGTH DATA ELEMENTS
- fixed length control field: 140530|||a|||||| | ||| d
040 ## - CATALOGING SOURCE
- Original cataloging agency: TZ-ArACH
- Transcribing agency: TZ-ArACH
148 ## - HEADING--CHRONOLOGICAL TERM
- Chronological term: 2001 - 2009
670 ## - SOURCE DATA FOUND
- Source citation: Work cat.: (TZ-ArACH)2877: Becker, Tal. 14291, Terrorism and the state : rethinking the rules of state responsibility, 2006.
670 ## - SOURCE DATA FOUND
- Source citation: Work cat.: (TZ-ArACH)2877: Becker, Tal. 14291, Terrorism and the state : rethinking the rules of state responsibility, 2006.
